Kader HSV Hamburg (Handball) 2023/2024 - Statistiken

Allgemein
  • Dieses Quiz wurde 59 mal gespielt
    57 seit der letzten Aktualisierung
  • Das Durchschnittsergebnis liegt bei 10 aus 19
Antwortstatistiken
Nummer Name % Korrekt
1 Johannes Bitter
91%
6 Casper U. Mortensen
86%
7 Leif Tissier
81%
21 Frederik Bo Andersen
70%
9 Jacob Lassen
70%
12 Jens Vortmann
67%
Trainer Torsten Jansen
67%
13 Niklas Weller
63%
77 Dani Baijens
56%
15 Dominik Axmann
47%
4 Andreas Magaard
44%
24 Alexander Hartwig
42%
43 Zoran Ilic
42%
55 Azat Valiullin
35%
16 Alexander Pinski
26%
27 Thies Bergemann
26%
25 Tomislav Severec
21%
44 Lennard Benkendorf
19%
23 Max Niemann
19%
Keine übereinstimmenden Quizze gefunden
Verteilung der Resultate
Anzahl Personen mit jedem Resultat
Perzentil nach korrekt beantworteten Fragen
Ihre Resultats-Entwicklung
Sie haben dieses Quiz seit der letzten Aktualisierung nicht gespielt